MARC details
| 000 -CABECERA |
| campo de control de longitud fija |
00777nam a2200193 a 4500 |
| 001 - NÚMERO DE CONTROL |
| campo de control |
000014189 |
| 005 - FECHA Y HORA DE LA ÚLTIMA TRANSACCIÓN |
| campo de control |
20200929163519.0 |
| 008 - DATOS DE LONGITUD FIJA--INFORMACIÓN GENERAL |
| campo de control de longitud fija |
091207s1988 dr 000 0 spa d |
| 040 ## - FUENTE DE LA CATALOGACIÓN |
| Centro catalogador/agencia de origen |
DO-SdBNP |
| Lengua de catalogación |
spa |
| Centro/agencia transcriptor |
BNPHU |
| 082 ## - NÚMERO DE LA CLASIFICACIÓN DECIMAL DEWEY |
| Número de clasificación |
338.4791 |
| Número de documento/Ítem |
C749p |
| 049 ## - FONDOS LOCALES (OCLC) |
| Fondos de biblioteca |
BNPD |
| 111 1# - ENTRADA PRINCIPAL--NOMBRE DE CONGRESO/REUNIÓN |
| Nombre de congreso/reunión o jurisdicción como elemento de entrada |
Congreso Nacional de Turismo Interno |
| Número del congreso/reunión o número de parte o sección |
(1 : |
| Fecha del congreso/reunión |
1988 ene. 15-17 : |
| Sede del congreso/Lugar de la reunión |
Jarabacoa, República Dominicana) |
| 9 (RLIN) |
32060 |
| 245 10 - MENCIÓN DE TÍTULO |
| Título |
Primer Congreso nacional de turismo interno. |
| 246 1# - FORMA VARIANTE DE TÍTULO |
| Título propio/Titulo breve |
1er. Congreso Nacional de Turismo Interno |
| 260 ## - PUBLICACIÓN, DISTRIBUCIÓN, ETC. |
| Lugar de publicación, distribución, etc. |
Santo Domingo : |
| Nombre del editor, distribuidor, etc. |
Secretaría de Estado de Turismo, |
| Fecha de publicación, distribución, etc. |
1988. |
| 300 ## - DESCRIPCIÓN FÍSICA |
| Extensión |
83 p. ; |
| Dimensiones |
27 cm. |
| 650 #4 - PUNTO DE ACCESO ADICIONAL DE MATERIA--TÉRMINO DE MATERIA |
| Término de materia o nombre geográfico como elemento de entrada |
Turismo |
| Subdivisión general |
Congresos, conferencias, etc |
| Subdivisión geográfica |
República Dominicana |
| 9 (RLIN) |
32061 |
| 650 #4 - PUNTO DE ACCESO ADICIONAL DE MATERIA--TÉRMINO DE MATERIA |
| Término de materia o nombre geográfico como elemento de entrada |
Promoción de turismo |
| Subdivisión general |
Congresos, fonferencias, etc. |
| Subdivisión geográfica |
República Dominicana |
| 9 (RLIN) |
32062 |